A study of risk factors contributing to hypertension among Thai males more than 30 years of age at Vajira hospital
Saved in:
| Main Author: | |
|---|---|
| Format: | Unknown |
| Published: |
1993
|
| Subjects: | |
| Online Access: | Visit NHRC Library |
| Tags: |
Add Tag
No Tags, Be the first to tag this record!
|
| LEADER | 00765 a2200169 4500 | ||
|---|---|---|---|
| 060 | |a RES 76 | ||
| 100 | |a Khanal, Bishwo Raj |9 2054 | ||
| 245 | |a A study of risk factors contributing to hypertension among Thai males more than 30 years of age at Vajira hospital | ||
| 260 | |c 1993 | ||
| 300 | |a 59p. ; | ||
| 500 | |a Research Report | ||
| 546 | |a eng. | ||
| 650 | |a A study of risk factors contributing to hypertension among Thai males more than 30 years of age at Vajira hospital |9 2055 | ||
| 856 | |u http://nhrc.org.np/index.php?option=com_content&view=article&id=48&Itemid=53 |y Visit NHRC Library | ||
| 942 | |2 NLM |c RR | ||
| 952 | |0 0 |1 0 |2 lcc |4 0 |6 RES 00076/KHA/01993 |7 0 |9 611 |a NHRC |b NHRC |c REF |d 2012-07-17 |l 0 |o RES 76/KHA/1993 |p RES-00076 |r 2012-07-17 |w 2012-07-17 |y RR | ||
| 999 | |c 605 |d 605 | ||